000 01978nam a2200397 c 4500
003 BLK
005 20180422110006.0
008 180409b bul|||||r ||||||| ||bul||
010 _aKNG00116198000
020 _a954-739-293-Х
_bиздат.: Захарий Стоянов
040 _aBLK
041 _aBUL
_cBUL
080 _aСхоластична философия. Терминизъм. Концептуализъм. Неосхоластицизъм. Философска антропология
_b141.31
_x
_z141.31
080 _aФилософски системи според отношението към проблема за бога -Теизъм. Деизъм. Пантеизъм. Акосмизъм. Панентеизъм. Атеизъм. Вж и 211
_b141.4
_x
_z141.4
100 1 _aШарден, Пиер Тейяр дьо
_eпърви автор
_9256333
700 1 _aГечева, Ерма Албертова
_eпрев.
_9367512
139 _aШарден, Пиер Тейяр дьо
_bШ 34
245 1 0 _aБъдещето на човека
_cПиер Тейяр дьо Шарден; прев. Ерма Албертова Гечева.
257 _aFRA
260 София
_bЗахарий Стоянов
_c2003
_fСофия : Образование и наука
300 _a304 с.
_c20 см
380 _a1
490 1 _aПоредица Философия и човек
500 _aБез сведение за ориг. загл. - Офс. изд. - 1 000 тир.
650 4 _aЧовек - философски проблеми
_9243384
650 4 _aАнтропология, философска
_9252429
653 _aчовек
653 _aфилософска антропология
653 _aноосфера
653 _aесета
852 _aЦб 221681
856 4 _qpdf
_u
856 4 _qpdf
_u
942 _cKNG
_n0
944 _aCR
_c12.11.2004
_lф /
_kГеновева_Генчева
944 _aED
_c24.11.2015
_lф /
_kЛюдмила_Стоянова
999 _c110866
_d110866